00857nam a2200205 a 450000100100000000500170001000800410002702000180006804000250008608200160011110000340012724501570016126000950031830000280041349000230044159000260046483000300049095201140052099900170063400003562320200930074500.0111105s2007 bl a 000 0 spa d a9788533305373 aDO-SdBNPbspacBNPHU axxxxbV726v1 aVillas Bôas, Glaucia96152910aA vocacao das ciencias sociais no Brasil :bUm estudo da sua produção em livros do acervo da Biblioteca Nacional 1945-1966 /cGlaucia Villas Bôas. aRio de Janeiro, Brasil :bMiníterio da cultura, Fundação Biblioteca Nacional,c2007. a303 p. :bil. ;c23 cm.1 aRodolfo Garciav32 aInventariado, 2019/BT 0aRodolfo Garcian32961530 001050718MOaGRbGRcHDd2011-11-05iLF1l0oxxxx V726vp35623-10r2020-06-25w2020-06-25y1ZNo se presta c35114d35114